Superficiales ¿Qué está haciendo internet con nuestras mentes? (Registro nro. 75882)

Detalles MARC
000 -ENCABEZADO
Número de control [NR] 01171nam a2200289Ia 4500
008 - DE LONGITUD FIJA DE DATOS DE ELEMENTOS - INFORMACIÓN GENERAL
Elementos de longitud fija [NR] 130821s2011 sp gr spa
020 ## - NUMERO INTERNACIONAL NORMALIZADO PARA LIBROS [R]
Número Internacional Normalizado del libro [NR] 9788430608126
020 ## - NUMERO INTERNACIONAL NORMALIZADO PARA LIBROS [R]
Número Internacional Normalizado del libro [NR] 9789587580754
040 ## - FUENTE DE CATALOGACION [NR]
Agencia de catalogación original [NR] CO-BoUCM
Idioma de catalogación [NR] spa
Quien Cataloga
Quien Clasifica Aldemar Mondragón (modificó)
041 00 - CODIGO DE IDIOMA [R]
Código de idioma para texto/pista de sonido o título separado [R] Español
100 1# - ASIENTO PRINCIPAL--NOMBRE PERSONAL [NR]
Nombre personal [NR] Carr, Nicholas
ID Autoridad 35303
245 10 - MENCION DE TITULO [NR]
Título [NR] Superficiales ¿Qué está haciendo internet con nuestras mentes?
Mención de responsabilidad, etc. [NR] Nicholas Carr ; traducción de Pedro Cifuentes
246 14 - FORMA VARIANTE DEL TITULO [R]
Título propiamente dicho/forma breve del título [NR] ¿Qué está haciendo internet con nuestras mentes? superficiales
260 ## - PUBLICACION, DISTRIBUCION, ETC. (PIE DE IMPRENTA) [R]
Lugar de publicación, distribución, etc. [R] Madrid (España)
Nombre del editor, distribuidor, etc. [R] Taurus
Fecha de publicación, distribución, etc. [R] 2011
300 ## - DESCRIPCION FISICA [R]
Extensión [R] 340 páginas
490 0# - MENCION DE SERIE [R]
Mención de serie [R] Pensamiento
500 ## - NOTA GENERAL [R]
Nota general [NR] Incluye índice analítico
650 #7 - ASIENTO SECUNDARIO DE MATERIA - TERMINO TEMATICO [R]
Término temático o nombre geográfico como elemento de entrada [NR] Internet (Red de computadores)
Subdivisión general [R] Aspectos psicológicos
9 (RLIN) 35471
650 #7 - ASIENTO SECUNDARIO DE MATERIA - TERMINO TEMATICO [R]
Término temático o nombre geográfico como elemento de entrada [NR] Internet (Red de computadores)
Subdivisión general [R] Efectos fisiológicos
9 (RLIN) 35472
650 #7 - ASIENTO SECUNDARIO DE MATERIA - TERMINO TEMATICO [R]
Término temático o nombre geográfico como elemento de entrada [NR] Mente y cuerpo
9 (RLIN) 19302
650 #7 - ASIENTO SECUNDARIO DE MATERIA - TERMINO TEMATICO [R]
Término temático o nombre geográfico como elemento de entrada [NR] Neuropsicología
9 (RLIN) 308
650 #7 - ASIENTO SECUNDARIO DE MATERIA - TERMINO TEMATICO [R]
Término temático o nombre geográfico como elemento de entrada [NR] Percepción
9 (RLIN) 327
690 ## - ASUNTO AGREGADO LOCAL DE ENTRADA - TÉRMINO TEMÁTICO (OCLC, RLIN)
9 (RLIN) 42902
Acceso temático local Psicología
700 1# - ASIENTO SECUNDARIO - NOMBRE PERSONAL [R]
Nombre personal [NR] Cifuentes, Pedro
Término de relación [R] traductor
9 (RLIN) 35473
765 0# - ASIENTO DE IDIOMA ORIGINAL [R]
Título [NR] The shallows. What the internet is doing to our brains
942 ## - ELEMENTOS DE ENTRADA AGREGADOS (KOHA)
Tipo de ítem principal el descrito en 300a Libro
Tema principal Generalidades
Edición 1
Parte restante de la signatura top. C311s
Sistema de clasificación DEWEY
Clasificación 153.7
Título oculto en OPAC No
Existencias
Fecha de último préstamo Total préstamos Total Renewals Signatura topográfica Código de barras Última vez visto Ejemplar Price effective from Tipo de ítem Nota pública (OPAC) Perdido Sistema de clasificación Dañado No prestable Tipo de ítem específico Suprimido Ubicación habitual Ubicación actual Localización Fecha de creación Forma de adquisición Costo
11/08/2023 10 14 153.7 C311s 100126898 11/12/2025 Ej.1 03/02/2013 Libro Spot Psicología & Psiquiatría   DEWEY     Libro   Quinta de Mutis Quinta de Mutis 3er piso 28/02/2013 Compra 36500.00